Trhový poriadok RM-Systém Slovakia

Guardado en:
Detalles Bibliográficos
Formato: Libro
Lenguaje:eslovaco
Publicado: Košice BYZANT 1993
Materias:
Etiquetas: Agregar Etiqueta
Sin Etiquetas, Sea el primero en etiquetar este registro!

MARC

LEADER 00000nam a2200000 4500
001 c010945
005 20251009091417.7
020 |a 80-85581-05-1 
041 0 |a slo 
044 |a SK 
245 1 0 |a Trhový poriadok RM-Systém Slovakia 
264 1 |a Košice  |b BYZANT  |c 1993 
300 |a 48 s. 
610 2 0 |a trh finančný 
610 2 0 |a trh kapitálový 
610 2 0 |a papiere cenné 
610 2 0 |a predpisy právne 
610 2 0 |a služby 
610 2 0 |a Slovensko